Zborník Inštitútu špeciálnej a liečebnej pedagogiky Filozofickej fakulty Univerzity Komenského Paedagogica specialis

Bibliographic Details
New Title:Paedagogica specialis ...
Other Authors: Brťka, Juraj, 1912-1997 (Publishing director)
Format: Serial
Language:Slovak
PhysicalDescription:3 zv. 23 cm
Published: Bratislava Slovenské pedagogické nakladateľstvo 1970-1972
Subjects:

MARC

LEADER 00000cas a2200000 a 4500
001 vtls008345076
003 SK-MaSNL
005 20260228160201.0
008 190102d19701972xo ar 000 0slo
015 |a SKSNBA1970/09-02095 (r. 1969) 
040 |a SNK  |b slo  |c SNK  |e AACR2 
041 0 |a slo  |b eng  |b ger  |b rus 
044 |a xo  |c SK 
072 7 |a 376  |x Výchova a vzdelávanie zvláštnych skupín osôb  |2 konspekt 
080 |a 376  |2 2011 
080 |a (082)  |2 2011 
245 0 0 |a Zborník Inštitútu špeciálnej a liečebnej pedagogiky Filozofickej fakulty Univerzity Komenského  |p Paedagogica specialis 
246 1 0 |a Paedagogica specialis 
246 1 3 |a Zborník Filozofickej fakulty Univerzity Komenského Inštitútu špeciálnej a liečebnej pedagogiky  |p Paedagogica specialis  |f 2/1970 
246 1 |i Názov v tiráži:  |a Zborník Inštitútu špeciálnej a liečebnej pedagogiky FFUK 
260 |a Bratislava  |b Slovenské pedagogické nakladateľstvo  |c 1970-1972 
300 |a 3 zv.  |c 23 cm 
310 |a 1x ročne 
362 0 |a Roč. I (1969)-roč. III (1971) 
500 |a Hlavný a zodp. red.: 1969, 1971, Juraj Brťka 
504 |a Bibliogr. odkazy 
546 |a Res. v angličtine, nemčine, ruštine 
650 0 7 |a špeciálna pedagogika  |2 SNKPH  |9 958 
650 0 7 |a liečebná pedagogika  |2 SNKPH  |9 69067 
650 0 7 |a Special education  |2 SNKPHeng  |9 266101 
650 0 7 |a Therapeutic pedagogy  |2 SNKPHeng  |9 266102 
655 7 |a zborníky  |2 SNKPH  |9 70165 
655 7 |a Papers of several authors  |2 SNKPHeng  |9 153738 
700 1 |a Brťka, Juraj,  |d 1912-1997  |4 pbd  |4 lso  |9 159368 
785 0 0 |t Paedagogica specialis ...  |w vtls001472213 
910 |a snk 
916 |a 1969-1971 
958 |a OND 
958 |a TL 
958 |a ZB 
958 |a NB 
958 |a RK 
999 |c 1841  |d 3771 
952 |0 0  |1 0  |4 0  |7 0  |8 0  |a SNK  |b SNK  |d 2021-09-30  |f 1  |i snkKSP 6852/70  |l 0  |o snkČSC 1529/1/1969  |p 17A0815986  |r 2026-02-21 19:29:35  |w 2026-02-21  |y PREZ  |z Vydané v r. 1970 
952 |0 0  |1 0  |4 0  |7 0  |8 0  |a SNK  |b SNK  |d 2021-09-30  |f 1  |i snkKSP 8116/71  |l 0  |o snkČSC 1529/2/1970  |p 17A0815987  |r 2026-02-21 19:29:35  |w 2026-02-21  |y PREZ  |z Vydané v r. 1971 
952 |0 0  |1 0  |4 0  |7 0  |a SNK  |b SNK  |d 2008-07-23  |f 1  |i snkKSP 7261/72  |l 0  |o snkČSC 1529/3/1971  |p 17A0594580  |r 2026-02-21 20:29:11  |w 2026-02-21  |y PREZ  |z Vydané v r. 1972 
952 |0 0  |1 0  |4 0  |7 0  |a SNK  |b SNK  |d 2014-02-27  |i snkKSP 8117/71  |l 0  |o snkČSC 1529/2/1970 D1  |p 17A1024102  |r 2026-02-21 20:41:33  |w 2026-02-21  |y PREZ  |z Vydané v r. 1971 
952 |0 0  |1 0  |4 0  |7 0  |a SNK  |b SNK  |d 2014-02-27  |i snkKSP 7262/72  |l 0  |o snkČSC 1529/3/1971 D1  |p 17A1024103  |r 2026-02-21 20:41:33  |w 2026-02-21  |y PREZ 
952 |0 0  |1 0  |4 0  |7 0  |a SNK  |b SNK  |d 2006-01-30  |i snkKSP 6853/70  |l 0  |o snkČSC 1529/1/1969 D1  |p 17A0495599  |r 2026-02-21 20:57:37  |w 2026-02-21  |y PREZ